000 00403 a2200133 4500
001 92277
082 _aPR 2525
090 _c44225
_d44224
100 _aHaseeb Ur Rehman and Waleed Raza; Prof Azhar Hasan and Salman Aslam (Advisors)
245 _aSensor Fusion for Motion capture and sensing (Phase-I)
_n77 "B" EC
260 _aIslamabad
_bNUST
_c2014
300 _a84p.
500 _aBE Project Reports
942 _aCAE NUST
_kPR 2525
999 _c327350
_d327350